| 000 | 00857cab a2200265 4500 | ||
|---|---|---|---|
| 001 | WB3348-34 | ||
| 008 | 090401t1997 xxu||||| |||| 00| 0 eng d | ||
| 035 | _a(Sirsi) u82544 | ||
| 041 | _aeng | ||
| 245 | _aTenants power | ||
| 260 | _c1997 | ||
| 350 | _a0 | ||
| 490 |
_aProperty Week _v61(10) 5 December 1997, 8(1) |
||
| 520 | _aUp to 60% of complaints to the Leasehold Enfranchisement Advisory Service (LEAS) relate to bad management and service charges, according to their chief executive. | ||
| 650 | _aASSOCIATION OF RESIDENTIAL MANAGING AGENTS | ||
| 650 | _aLEAS | ||
| 650 | _aLEASEHOLD ENFRANCHISEMENT | ||
| 650 | _aLEASEHOLD REFORM | ||
| 650 | _aRESIDENTIAL MANAGEMENT | ||
| 650 | _aRESIDENTIAL MANAGING AGENTS | ||
| 650 | _aSERVICE CHARGES | ||
| 690 | _aLANDLORD AND TENANT-LEASEHOLD REFORM | ||
| 942 | _n0 | ||
| 948 | _c09/12/1997 | ||
| 999 |
_c52118 _d52118 |
||